|
|
|
|
| LEADER |
00916nam a22002417a 4500 |
| 001 |
AAL4387 |
| 003 |
BD-DhAAL |
| 005 |
20160319153256.0 |
| 008 |
160319s 2001bg ||||| |||| 00| 0 ben d |
| 020 |
|
|
|a 9847620024
|
| 040 |
|
|
|a BD-DhAAL
|c BD-DhAAL
|
| 082 |
|
|
|a 301.209
|
| 100 |
|
|
|a ওসমান, বুলবন
|9 18615
|
| 245 |
|
|
|a সংস্কৃতি ও সংস্কৃতিতত্ত্ব /
|c বুলবন ওসমান
|
| 250 |
|
|
|a 1st ed.
|
| 260 |
|
|
|a ঢাকা :
|b অরিত্র,
|c ২০০১
|
| 300 |
|
|
|a ১০৪ পৃ. ;
|c ২২ সে.মি.
|
| 541 |
|
|
|e 4387
|
| 650 |
|
|
|a সংস্কৃতি ও সভ্যতা
|9 18616
|
| 852 |
|
|
|a Savar Campus Library
|c General Stacks
|
| 942 |
|
|
|2 ddc
|c BK
|
| 999 |
|
|
|c 37157
|d 37157
|
| 952 |
|
|
|0 0
|1 0
|2 ddc
|4 0
|6 301_209000000000000
|7 0
|9 58428
|a SCL
|b SCL
|c GEN
|d 2016-03-19
|g 75.00
|l 0
|o 301.209
|p 3020004387
|r 2016-03-19
|t 1
|w 2016-03-19
|y BK
|